000 01681nam0a2200349 4500
001 RU\NLR\bibl\1086270
005 20260405225236.0
010 _a5-86151-229-9
_9130
021 _aRU
_b2007-23640
_91249
035 _a(NLR Aleph) 001073431
090 _a1013240
_c1013240
100 _a20070515d2007 |||y0rusy50 ca
101 0 _arus
102 _aRU
105 _ay |||||||||
200 1 _aФинансовая политика России в начале XX века. Эпоха золотого рубля
_eмонография
_fМ.В. Мельников
_gФедер. агентство по образованию, Гос. образоват. учреждение высш. проф. образования "Ковр. гос. технол. акад. им. В.А. Дегтярева"
210 _aКовров
_cКовровская государственная технологическая академия
_d2007
215 _a457 с.
_d20
320 _aБиблиогр.: с. 436-453 и в подстроч. прим.
320 _aУказ. имен: с. 454-457
517 0 _aЭпоха золотого рубля
606 1 _aФинансовая политика
_yРоссия
_92275944
_3RU\NLR\auth\661363878
606 1 _aРубль
_xПеревод на золотую базу
_9938272
_3RU\NLR\auth\66346735
686 _aУ26(28)-18
686 _aУ26(28)266.3
700 1 _4070
_8rus
_7ca
_aМельников
_bМ. В.
_cд-р ист. наук
_gМаксим Викторович
_3RU\NLR\auth\77103287
_986213
801 0 _aRU
_bNLR
_c20070515
_gRCR
801 1 _aRU
_bNLR
_c20070515
942 _cBOOK
980 _aNB
980 _aNBR